Memoria Anual 1987 /
Guardado en:
| Autor Corporativo: | |
|---|---|
| Formato: | Desconocido |
| Lenguaje: | Spanish |
| Publicado: |
Costa Rica:
Bancoop,
|
| Etiquetas: |
Agregar Etiqueta
Sin Etiquetas, Sea el primero en etiquetar este registro!
|
MARC
| LEADER | 00000 a2200000 04500 | ||
|---|---|---|---|
| 001 | 40370 | ||
| 003 | |||
| 008 | 050609s1987 cr spa d | ||
| 040 | |||
| 090 | |a 1002 B216m 1987 | ||
| 110 | |a Banco Cooperativo Costarricense | ||
| 245 | |a Memoria Anual 1987 / |c Bancoop | ||
| 260 | |a Costa Rica: |b Bancoop, | ||
| 300 | |a 13 páginas : tablas, gráficos | ||
| 999 | |c 10341 |d 10341 | ||
